32ª Gincana CD 2 (Record no. 51170)

MARC details
000 -LÍDER
campo de controle de tamanho fixo 00244 a2200109 4500
001 - NÚMERO DE CONTROLE
campo de controle 51170
040 ## - FONTE DA CATALOGAÇÃO
Instituição que transcreveu o registro Anchieta - Pituba
240 10 - TÍTULO UNIFORME
Título uniforme 32ª Gincana CD 2
Idioma da obra
245 10 - TÍTULO
Título 32ª Gincana CD 2
650 #4 - ASSUNTO--TERMO TÓPICO
Cabeçalho tópico ou nome geográfico Línguas espanhola e portuguesa
942 ## - ELEMENTOS DE ENTRADA ADICIONADOS (KOHA)
Tipo de material Koha Materiais mixtos
Holdings
Situação do descarte Situação das perdas Situação física Não pode ser emprestado Biblioteca de origem Biblioteca atual Data de aquisição Total de empréstimos Código de barras Data de último acesso Data do preço efetivo Tipo de material Koha
        Colégio Anchieta - Pituba Colégio Anchieta - Pituba 21/11/2023   542/PIT 21/11/2023 21/11/2023 Materiais mixtos